[Event "XIX ch-Macedonia Open"]
[Site "Struga MKD"]
[Date "2010.07.22"]
[Round "6"]
[White "Stojanovski,K"]
[Black "Petrov,G MKD"]
[Result "0-1"]
[WhiteElo "2125"]
[BlackElo "2273"]

1.e4 d5 2.exd5 Qxd5 3.Nc3 Qd6 4.d4 a6 5.Nf3 e6 6.a3 Nf6 7.h3 b5 8.Be2 Bb7
9.O-O Nbd7 10.Be3 Be7 11.Re1 O-O 12.Qd2 Rfd8 13.Rad1 Rac8 14.Qc1 Nd5 15.Nxd5 Qxd5
16.c4 bxc4 17.Qxc4 Qxc4 18.Bxc4 Bxf3 19.gxf3 a5 20.f4 Nb6 21.Ba2 Bf6 22.Rd2 Nd5
23.Rc2 Ne7 24.Rc5 Bxd4 25.Rxa5 Bxb2 26.Rb1 Bd4 27.Rb7 Bxe3  0-1

[Event "XIX ch-Macedonia Open"]
[Site "Struga MKD"]
[Date "2010.07.22"]
[Round "7"]
[White "Stoilkovski,J"]
[Black "Koskoska,G"]
[Result "1/2-1/2"]
[WhiteElo "2027"]
[BlackElo "2152"]

1.e4 d5 2.exd5 Qxd5 3.Nc3 Qd8 4.d4 c6 5.h3 Bf5 6.Nf3 e6 7.Bd3 Bxd3 8.Qxd3 Nd7
9.Bf4 Ngf6 10.O-O Be7 11.Rad1 O-O 12.Ne5 Nxe5 13.dxe5 Qxd3 14.Rxd3 Nd5 15.Bg3 Nxc3
16.Rxc3 Rfd8 17.f4 g6 18.Bf2 Rd7 19.Be3 Rd5 20.Kf2 Kf8 21.Ke2 Ke8 22.Rd1 Kd7
23.Rcd3 Kc7  1/2-1/2

[Event "21st Czech GM Open"]
[Site "Pardubice CZE"]
[Date "2010.07.23"]
[Round "1"]
[White "Michiels,B"]
[Black "Novotny,M1"]
[Result "1-0"]
[WhiteElo "2460"]
[BlackElo "2237"]

1.e4 d5 2.exd5 Qxd5 3.Nc3 Qd6 4.d4 Nf6 5.Nf3 a6 6.g3 Bg4 7.Bg2 Nc6 8.O-O O-O-O
9.d5 Ne5 10.Bf4 Bxf3 11.Bxf3 Nxf3+ 12.Qxf3 e5 13.dxe6 Qxe6 14.Rfe1 Qh3 15.Bg5 Rg8
16.Ne4 Ng4 17.Bxd8 Qxh2+ 18.Kf1 Qh5 19.Qf4 Kxd8 20.Qg5+ Qxg5 21.Nxg5 Bc5
22.Nxf7+ Kc8 23.Ne5 Nxf2 24.Re2 Rd8 25.Rae1 Nh3 26.Nf3 g5 27.Kg2 g4 28.Ne5 h5
29.Nf7 Rd4 30.Re8+ Kd7 31.Rd8+ Kc6 32.Rxd4 Bxd4 33.c3 Bf2 34.Re6+ Kd5 35.Re5+ Kc4
36.Rxh5  1-0

[Event "Najdorf Mem Open A"]
[Site "Warsaw POL"]
[Date "2010.07.23"]
[Round "7"]
[White "Wieczorek,O"]
[Black "Nguyen,P"]
[Result "1/2-1/2"]
[WhiteElo "2316"]
[BlackElo "2372"]

1.e4 d5 2.exd5 Qxd5 3.Nc3 Qd6 4.d4 Nf6 5.Nf3 a6 6.Bd3 Bg4 7.Ne4 Nxe4 8.Bxe4 Nc6
9.c3 O-O-O 10.h3 Bd7 11.O-O g6 12.b4 Bg7 13.a4 f5 14.Bc2 e5 15.b5 axb5 16.axb5 Nb8
17.Ba3 Qb6 18.Bc5 Qxb5 19.Ra8 Bc6 20.Ba7 Kd7 21.Bd3 Qa5 22.dxe5 Ke7 23.Qd2 Bxf3
24.gxf3 Qd5 25.Qg5+ Ke6 26.Bd4 Nc6 27.Rxd8 Rxd8 28.Bxf5+ gxf5 29.Qxg7 Ne7
30.Qf6+ Kd7 31.Kh2 Rg8 32.Rg1 Rxg1 33.Kxg1 Qe6 34.Qh4 Qg6+ 35.Kf1 b6 36.f4 c5
37.Be3 Nd5 38.Bd2 c4 39.Qg3 Qh5 40.f3 Kc6 41.Ke2 Qg6 42.Qxg6+  1/2-1/2

[Event "21st Czech GM Open"]
[Site "Pardubice CZE"]
[Date "2010.07.24"]
[Round "2"]
[White "Figura,A"]
[Black "Stips,F"]
[Result "1-0"]
[WhiteElo "2403"]
[BlackElo "2206"]

1.e4 d5 2.exd5 Qxd5 3.Nc3 Qd6 4.d4 Nf6 5.Nf3 c6 6.g3 Bg4 7.Bg2 e6 8.O-O Be7
9.Bf4 Qd8 10.h3 Bh5 11.g4 Bg6 12.Ne5 Nbd7 13.Nxg6 hxg6 14.Bg3 O-O 15.Ne2 Qb6
16.Rb1 c5 17.c4 Rfd8 18.Qb3 cxd4 19.Bxb7 Qxb3 20.axb3 Rab8 21.Bxb8 Rxb8 22.Bg2 e5
23.Rfd1 Nc5 24.Nc1 Nxb3 25.Nxb3 Rxb3 26.Kf1 Bc5 27.Ke2 g5 28.Rd3 Rb4 29.b3 a5
30.Rdd1 a4 31.bxa4 Rxa4 32.Bd5 e4 33.Ra1 d3+ 34.Kf1 Rb4 35.Rdb1 Nxd5 36.cxd5 Rd4
37.Rb5 Rxd5 38.Rc1 d2 39.Rd1 f6 40.Ke2 Kf7 41.Rb2 Re5 42.Rbxd2 e3 43.Rd7+ Ke6
44.f3 Be7 45.R1d3 g6 46.Rc7 Bc5 47.Rc6+ Ke7 48.Rc3 Bd4 49.Rc7+ Kd8 50.Rc8+ Kd7
51.R3c7+ Kd6 52.Rc6+ Kd5 53.Rxf6 Re7 54.Rd8+ Ke5 55.Rxg6 Ra7 56.Rxg5+ Kf4
57.Rf5+ Kg3  1-0

[Event "1st Grafica Yael"]
[Site "Torre Blanca ARG"]
[Date "2010.07.24"]
[Round "1"]
[White "Labollita,M"]
[Black "Saldano Dayer,H"]
[Result "1-0"]
[WhiteElo "2413"]
[BlackElo "2433"]

1.e4 d5 2.exd5 Qxd5 3.Nc3 Qd6 4.g3 Nf6 5.Bg2 g6 6.d4 Bg7 7.Bf4 Qd8 8.Qd2 c6
9.O-O-O O-O 10.Bh6 Qa5 11.Re1 b5 12.Bxg7 Kxg7 13.h4 h5 14.Rxe7 b4 15.Nb1 Nd5
16.Bxd5 Qxd5 17.f3 Qd6 18.Qg5 Qxd4 19.Nd2 Bf5 20.g4 hxg4 21.h5 Nd7 22.hxg6 Bxg6
23.Ne2 Rh8 24.Rxh8 Rxh8 25.Nxd4 Rh1+ 26.Nf1  1-0

[Event "Brunei Inv IM"]
[Site "Bandar Seri Begawan BRU"]
[Date "2010.07.26"]
[Round "2"]
[White "Hj,Azahari Md Aliuddin"]
[Black "Barbosa,O PHI"]
[Result "0-1"]
[WhiteElo "2049"]
[BlackElo "2433"]

1.e4 d5 2.exd5 Qxd5 3.Nc3 Qd6 4.d4 Nf6 5.Nf3 a6 6.Bd3 Bg4 7.O-O e6 8.Re1 Be7
9.Bg5 Nbd7 10.h3 Bh5 11.Qe2 c6 12.Rad1 Qb4 13.Ne4 Bxf3 14.Qxf3 Qxb2 15.Rb1 Qxd4
16.Bxf6 gxf6 17.Rxb7 Rb8 18.Rxb8+ Nxb8 19.Qg3 Nd7 20.Qg7 Rf8 21.Bxa6 Qe5
22.Bd3 Qa5 23.Rb1 Qxa2 24.Rb7 Qa8 25.Rb1 f5 26.Ng3 Bf6 27.Qh6 Qa2 28.Rd1 Rg8
29.Qe3 Be7 30.Qd4 Nc5 31.Ra1 Qd5 32.Ra8+ Bd8 33.Qxd5 cxd5 34.Nh5 Rg5 35.Nf4 Ke7
36.Ra7+ Kf6 37.Ra8 Bc7 38.Ne2 Rg7 39.Rc8 Bd6 40.Rc6 Ke7 41.Nd4 Ne4 42.Nb5 Be5
43.Ra6 Rg8 44.Ra7+ Kf6 45.Bxe4 fxe4 46.Kf1 Rc8 47.Ra2 Rb8 48.Na7 Ra8 49.Ra3 Bd6
50.Ra5 Bb4 51.Rb5 Bc3 52.Rb3 d4 53.Rb7 d3 54.cxd3 exd3 55.Rd7 Bb4 56.g4 e5
57.Nc6 Ra1+ 58.Kg2 d2 59.Nxb4 d1=Q 60.Rxd1 Rxd1 61.Nc2 e4 62.Ne3 Rd3 63.Nf5 Ke5
64.Nh6 f6 65.Nf5 Kf4 66.Ng7 Rd2 67.Nf5 h5 68.Ne3 hxg4 69.hxg4 Rd3  0-1

[Event "6th WSCC U17"]
[Site "Kayseri TUR"]
[Date "2010.07.26"]
[Round "6"]
[White "Olcum,A"]
[Black "Sagbas,C"]
[Result "1/2-1/2"]
[WhiteElo "1949"]
[BlackElo "1782"]

1.e4 d5 2.exd5 Qxd5 3.Nc3 Qd6 4.Nf3 Nf6 5.d4 Bg4 6.Bc4 a6 7.O-O Nc6 8.Be3 e6
9.Qe2 O-O-O 10.Rfd1 Nd5 11.Ne4 Qd7 12.b4 f5 13.Bxd5 Qxd5 14.Nc5 Bxc5 15.bxc5 Bxf3
16.gxf3 f4 17.c4 Qg5+ 18.Kh1 fxe3 19.fxe3 Rhf8 20.Rab1 Qh5 21.Rf1 Kd7 22.Rxb7 Rb8
23.Rxb8 Rxb8 24.Rg1 g6 25.d5 Ne5  1/2-1/2

[Event "COQ Inv"]
[Site "Montreal CAN"]
[Date "2010.07.26"]
[Round "4"]
[White "Kraiouchkine,N"]
[Black "Lenderman,A"]
[Result "0-1"]
[WhiteElo "2155"]
[BlackElo "2553"]

1.e4 d5 2.exd5 Qxd5 3.Nc3 Qd6 4.d4 Nf6 5.Nf3 c6 6.Ne5 Nbd7 7.Nc4 Qc7 8.Qf3 Nb6
9.Ne5 Be6 10.Bf4 Nbd5 11.Nxd5 Nxd5 12.Bg3 Qa5+ 13.c3 g6 14.Bd3 Bg7 15.Nc4 Qd8
16.O-O O-O 17.Ne3 Nb6 18.Qe2 Qd7 19.f4 f5 20.Bh4 Rae8 21.b4 Bf6 22.Qf2 Nd5
23.Nxd5 cxd5 24.Bxf6 exf6 25.a4 Rc8 26.Rfc1 Qd6 27.a5 Rc7 28.Qd2 Rfc8 29.Rc2 Bd7
30.Re1 b6 31.axb6 Qxb6 32.Ra1 Rxc3 33.Bxf5 Rxc2 34.Bxc2 Rxc2  0-1

[Event "21st Czech GM Open"]
[Site "Pardubice CZE"]
[Date "2010.07.26"]
[Round "4"]
[White "Vrana,J"]
[Black "Stips,F"]
[Result "0-1"]
[WhiteElo "2346"]
[BlackElo "2206"]

1.e4 d5 2.exd5 Qxd5 3.Nc3 Qd6 4.g3 Nf6 5.Bg2 c6 6.d4 Bf5 7.Nf3 h6 8.O-O e6
9.Bf4 Qd8 10.Ne2 Be7 11.c4 O-O 12.Nc3 Nbd7 13.Re1 Re8 14.a3 a5 15.Qe2 a4
16.h3 Qb6 17.Rad1 Qb3 18.Rc1 Bf8 19.g4 Bg6 20.Bg3 Rac8 21.Red1 Red8 22.Ne5 Nxe5
23.dxe5 Nd7 24.Bh4 f6 25.exf6 Nxf6 26.Bxf6 gxf6 27.Be4 f5 28.Bb1 Bf7 29.Ba2 Qb6
30.Nxa4 Qa5 31.Nc3 Rxd1+ 32.Nxd1 fxg4 33.hxg4 Qg5 34.Ne3 Bc5 35.Rc3 h5 36.Nf1 Kf8
37.b4 Bd6 38.c5 Bf4 39.f3 hxg4 40.fxg4 Ke7 41.Bb3 Rh8 42.Ng3 Kf8 43.Bxe6 Bxg3
44.Bxf7 Be5 45.Rf3 Qxg4+ 46.Kf2 Rh2+ 47.Ke1 Rxe2+ 48.Kxe2 Qe4+  0-1

[Event "Tch-POR 1st Div Final"]
[Site "Vila Nova de Gaia POR"]
[Date "2010.07.26"]
[Round "3.1"]
[White "Korneev,O"]
[Black "Galego,L"]
[Result "1-0"]
[WhiteElo "2543"]
[BlackElo "2498"]

1.e4 d5 2.exd5 Qxd5 3.Nc3 Qd6 4.d4 Nf6 5.Nf3 a6 6.g3 b5 7.Bg2 Bb7 8.O-O e6
9.Bf4 Qb6 10.a4 b4 11.a5 Qa7 12.Bxc7 Nbd7 13.Na4 Nd5 14.Bb6 N7xb6 15.axb6 Nxb6
16.Nxb6 Qxb6 17.c4 Be7 18.Ne5 Qc7 19.Qa4+ Kf8 20.Qd7 Qxd7 21.Nxd7+ Ke8 22.Bxb7 Kxd7
23.Bxa8 Rxa8 24.Ra4 Bf6 25.Rd1 a5 26.b3 Kc6 27.Kf1 Bd8 28.Rda1 Kb7 29.Ke2 Bc7
30.Kd3 g5 31.c5 g4 32.Kc4 h5 33.Kb5 Rd8 34.Rxa5 Bxa5 35.Rxa5 Rxd4 36.c6+ Kb8
37.Kb6  1-0

[Event "Open ch-BUL w"]
[Site "Vratsa BUL"]
[Date "2010.07.26"]
[Round "2"]
[White "Videnova,I"]
[Black "Genova,Ly"]
[Result "1/2-1/2"]
[WhiteElo "2304"]
[BlackElo "2260"]

1.e4 d5 2.exd5 Qxd5 3.Nc3 Qd6 4.d4 Nf6 5.Nf3 g6 6.Ne5 Bg7 7.Be2 c6 8.Bf4 Qd8
9.Qd2 O-O 10.Rd1 Bf5 11.O-O Nbd7 12.Qc1 Rc8 13.Rfe1 Nd5 14.Nxd5 cxd5 15.c3 a6
16.Bf3 Be6 17.Qc2 Nxe5 18.Bxe5 Bh6 19.Qe2 Qa5 20.a3 Qa4 21.h4 Qc4 22.g4 Qxe2
23.Rxe2 Rfd8 24.g5 Bf8 25.Kg2 h5 26.gxh6 Bxh6 27.Kg3 Bf5 28.Bf4 Bxf4+ 29.Kxf4 e6
30.h5 Kg7 31.hxg6 Bxg6 32.Rh1 a5 33.Ree1 Kf6 34.Rc1 b6 35.Ke3 Ke7 36.Be2 Rc7
37.Rcg1 Rb8 38.Bb5 Bf5 39.Rh6 Rcc8 40.Rg5 Rh8 41.Rgh5 Rxh6 42.Rxh6 Rg8 43.Rh1 Kd6
44.a4 Rc8 45.Kf4 Rg8 46.Ke3 Rc8 47.Rg1 Rh8 48.Rc1 Rh3+ 49.f3 Rh2 50.Be2 Rh8
51.Bb5 Rh2 52.Be2 Rh8 53.Rf1 Bc2 54.Bb5 Rh2 55.b4 Bg6 56.Be2 Rh8 57.Rc1 Rc8
58.bxa5 bxa5 59.Kf4 f6 60.Ke3 e5 61.Ba6 exd4+ 62.Kxd4 Rh8 63.Bb5 Rh4+ 64.Ke3 Kc5
65.f4 Rh3+ 66.Ke2 Be4 67.Kd2 Rf3 68.Rf1 Rg3 69.Rc1 Rf3 70.Rf1 Rxf1 71.Bxf1 d4
72.Bb5 Bf5 73.Be2 Bd7 74.Bd1 Bc8 75.Be2 Bd7 76.Bd1 Be8 77.Kd3 Bg6+ 78.Kd2 Kc4
79.Be2+ Kc5 80.Bf3 Be8 81.Bd1 Bc6 82.Kd3 dxc3 83.Kxc3 Be4 84.Bb3 Bf3 85.Bc2 Bc6  1/2-1/2

[Event "Open ch-BUL w"]
[Site "Vratsa BUL"]
[Date "2010.07.26"]
[Round "3"]
[White "Vasova,M"]
[Black "Atanasova,Elitsa"]
[Result "1-0"]
[WhiteElo "1721"]
[BlackElo "1755"]

1.e4 d5 2.exd5 Qxd5 3.Nc3 Qd6 4.Nf3 Nf6 5.d4 g6 6.Bc4 Bg7 7.O-O O-O 8.a3 c6
9.Be3 Nd5 10.Ne4 Qd8 11.Qd2 Nd7 12.Bh6 N7f6 13.Bxg7 Kxg7 14.Ng3 Qc7 15.Rfe1 Re8
16.Ne5 Rf8 17.Bd3 Nb6 18.Qg5 h6 19.Qd2 Nbd7 20.h4 Nxe5 21.Rxe5 h5 22.Nxh5+ Nxh5
23.Rxh5 f5 24.Qh6+ Kf7 25.Qh7+ Kf6 26.Rg5  1-0

[Event "Tch-POR 1st Div Final"]
[Site "Vila Nova de Gaia POR"]
[Date "2010.07.27"]
[Round "4.1"]
[White "Cabezas Ayala,I"]
[Black "Tiviakov,S"]
[Result "0-1"]
[WhiteElo "2355"]
[BlackElo "2623"]

1.e4 d5 2.exd5 Qxd5 3.Nc3 Qd6 4.d4 Nf6 5.Nf3 c6 6.g3 Bf5 7.Bg2 e6 8.O-O Be7
9.Ne5 Nbd7 10.Bf4 Qb4 11.Nxd7 Nxd7 12.Ne4 Nb6 13.Rb1 O-O 14.c3 Qa5 15.Qb3 Rfd8
16.Rbd1 Rd7 17.h3 Rad8 18.Bg5 Bxe4 19.Bxe7 Bxg2 20.Bxd8 Bxh3 21.Bxb6 Qf5
22.f3 Qg5 23.Kf2 Bxf1 24.Rxf1 axb6 25.Qxb6 h5 26.Re1 h4 27.gxh4 Qxh4+ 28.Kf1 Qh1+
29.Kf2 Qh2+ 30.Kf1 Qg3 31.Re3 Rd5 32.Qxb7 Rg5 33.Ke2 Qg2+ 34.Kd1 Qf1+ 35.Kc2 Rg2+
36.Kb3 Qc1 37.Qb8+ Kh7 38.Qe5 Qxb2+ 39.Kc4 Qxa2+ 40.Kc5 Rg5  0-1

[Event "Tch-POR 1st Div Final"]
[Site "Vila Nova de Gaia POR"]
[Date "2010.07.29"]
[Round "6.1"]
[White "Grana Lois,J"]
[Black "Tiviakov,S"]
[Result "0-1"]
[WhiteElo "2120"]
[BlackElo "2623"]

1.e4 d5 2.exd5 Qxd5 3.Nc3 Qd6 4.g3 Nf6 5.Bg2 c6 6.d4 Bf5 7.Nge2 e6 8.Bf4 Qd8
9.O-O Be7 10.a3 Nbd7 11.b4 Nb6 12.Qc1 Nfd5 13.Rd1 O-O 14.Qb2 Bg4 15.f3 Bf5
16.Ne4 Nc4 17.Qb3 b5 18.Nf2 a5 19.Nd3 Bxd3 20.cxd3 Nxf4 21.Nxf4 Qxd4+ 22.Kh1 Ne3
23.Re1 axb4 24.Nxe6 fxe6 25.Qxe6+ Kh8 26.Qxe3 Qxe3 27.Rxe3 Bf6  0-1

[Event "MTO"]
[Site "Biel SUI"]
[Date "2010.07.30"]
[Round "11"]
[White "Efroimski,M"]
[Black "Kolbus,D"]
[Result "1-0"]
[WhiteElo "2169"]
[BlackElo "2343"]

1.e4 d5 2.exd5 Qxd5 3.Nc3 Qd6 4.d4 Nf6 5.Nf3 c6 6.g3 Bg4 7.Bg2 e6 8.Bf4 Qd8
9.a3 Bd6 10.Qd2 Bxf3 11.Bxf3 Bxf4 12.Qxf4 O-O 13.O-O Nbd7 14.b4 Nb6 15.Ne4 Nxe4
16.Qxe4 Qe7 17.Rab1 Rfd8 18.Rb3 Rd7 19.Be2 Rad8 20.c3 Nd5 21.Rd1 Nf6 22.Qe5 Rd5
23.Qe3 Qc7 24.c4 R5d7 25.Rbd3 Qb6 26.Qe5 Qa6 27.d5 exd5 28.cxd5 Re8 29.Qxe8+ Nxe8
30.Re3 Qxe2 31.Rxe2 Nc7 32.Rde1 Kf8 33.dxc6 bxc6 34.Rc2 Rd6 35.Rec1 Nb5 36.Rxc6 Rxc6
37.Rxc6 Nxa3 38.Rc5 a6 39.Rc6 Ke7 40.Rxa6 Nb5 41.Ra5 Nd6 42.Ra7+ Ke6 43.Rc7 h5
44.Rc5 g6 45.b5 Ne4 46.Rc7 f6 47.b6 Kd6 48.Rc4  1-0

[Event "Tch-POR 1st Div Final"]
[Site "Vila Nova de Gaia POR"]
[Date "2010.07.30"]
[Round "7.4"]
[White "Nora,F"]
[Black "Ribeiro,Fe"]
[Result "0-1"]
[WhiteElo "1891"]
[BlackElo "2273"]

1.e4 d5 2.exd5 Qxd5 3.Nc3 Qd6 4.d4 Nf6 5.Bc4 a6 6.Nge2 b5 7.Bf4 Qd7 8.Bb3 Bb7
9.f3 e6 10.Qd3 c5 11.dxc5 Qxd3 12.cxd3 Bxc5 13.Ne4 Bb4+ 14.Kf2 O-O 15.a3 Be7
16.Rac1 Nxe4+ 17.dxe4 Nc6 18.Rhd1 Rfd8 19.Bc7 Rxd1 20.Rxd1 Bc5+ 21.Ke1 Rc8
22.Rd7 Ba8 23.f4 Nb8 24.Bxb8 Rxb8 25.f5 Bxe4 26.fxe6 fxe6 27.Bxe6+ Kh8 28.Bd5 Bf5
29.Rf7 Bg6 30.Rd7 h6 31.Bf7 Bxf7 32.Rxf7 Re8 33.Kd2 Be3+ 34.Kc2 Bg5 35.Nc3 Bf6
36.Ra7 Re6 37.Kd3 Kh7 38.Ra8 h5 39.Ne4 Kg6 40.Nxf6 Rxf6 41.Ke3 Kf5 42.Rc8 Kg4
43.Rd8 Re6+ 44.Kf2 Rc6 45.Rd2 Kf4 46.Re2 a5 47.Rd2 Ke4 48.Ke2 Rc1 49.Kf2 g5
50.h3 b4 51.axb4 axb4 52.g3 g4 53.hxg4 hxg4  0-1

[Event "Politiken Cup"]
[Site "Copenhagen DEN"]
[Date "2010.07.31"]
[Round "1"]
[White "Larsen,TorKe"]
[Black "Oxener,A"]
[Result "1-0"]
[WhiteElo "2022"]
[BlackElo "1494"]

1.e4 d5 2.exd5 Qxd5 3.Nc3 Qd6 4.d4 Nf6 5.g3 a6 6.Bf4 Qc6 7.f3 b5 8.Bg2 Bb7
9.Nh3 Nbd7 10.O-O e6 11.Nf2 Be7 12.Nd3 O-O 13.Re1 Qb6 14.Be3 Nd5 15.Bf2 Nxc3
16.bxc3 Bd5 17.Be3 c5 18.Nf4 Nf6 19.Kh1 Rac8 20.Qd2 Qc6 21.Rf1 Rfd8 22.Nxd5 Nxd5
23.f4 cxd4 24.Bxd4 Qc7 25.Be5 Qa5 26.Rf3 h6 27.Rd3 b4 28.Qe2 Nxc3 29.Qg4 g6
30.Qh3 Kh7 31.Re3 Rd1+ 32.Rxd1 Nxd1 33.Re2 Qc5 34.f5 Nf2+ 35.Rxf2 Qxf2 36.fxg6+ fxg6
37.Bf4 Qe1+ 38.Bf1 g5 39.Bd2 Qxd2 40.Bd3+ Kg7 41.Qxe6 Qc1+ 42.Kg2 Rxc2+ 43.Kh3 Rc7
44.Qg6+ Kf8 45.Qxh6+ Ke8 46.Qg6+ Kf8 47.Qh6+ Kg8 48.Bh7+ Kf7 49.Qg6+  1-0

[Event "111th US Open"]
[Site "Irvine USA"]
[Date "2010.07.31"]
[Round "1"]
[White "Zierk,S"]
[Black "Chen,H"]
[Result "1-0"]
[WhiteElo "2385"]
[BlackElo "2257"]

1.e4 d5 2.exd5 Qxd5 3.Nc3 Qd6 4.d4 Nf6 5.Bc4 a6 6.Nge2 Qc6 7.Bb3 Qxg2 8.Rg1 Qxh2
9.Bf4 Qh5 10.Bxc7 Bg4 11.Qd3 Qf5 12.Qc4 Bxe2 13.Qxe2 Nbd7 14.O-O-O g6 15.Kb1 Bh6
16.Rd3 Rc8 17.Bg3 Qg4 18.Qf1 O-O 19.Qg2 b5 20.Qh1 Qh5 21.Qb7 Ra8 22.Rh1 Qg5
23.f4 Qg4 24.Rh4 Qf5 25.Rxh6 Nh5 26.Qe4 Qxe4 27.Nxe4 Kg7 28.Rxh5 gxh5 29.Bh4 Rae8
30.f5 Nf6 31.Rg3+ Ng4 32.Bxe7 Rg8 33.f6+ Kh6 34.Nd6 h4 35.Rh3 Nxf6 36.Rxh4+ Kg5
37.Bxf6+ Kxf6 38.Nxe8+ Rxe8 39.Kc1 Kg6 40.Rg4+  1-0

[Event "Politiken Cup"]
[Site "Copenhagen DEN"]
[Date "2010.08.01"]
[Round "3"]
[White "Andersen,Mo"]
[Black "Jensen,Mo"]
[Result "1-0"]
[WhiteElo "2179"]
[BlackElo "2005"]

1.e4 d5 2.exd5 Qxd5 3.Nc3 Qd6 4.d4 Nf6 5.Nge2 a6 6.Bf4 Qd8 7.g3 e6 8.Bg2 Bd6
9.Qd2 Nbd7 10.Rd1 Rb8 11.O-O O-O 12.Rfe1 b5 13.Bg5 Bb7 14.d5 b4 15.Ne4 Nxe4
16.Bxe4 f6 17.Be3 f5 18.Bg2 e5 19.f4 e4 20.Nd4 Nc5 21.Nc6 Bxc6 22.dxc6 Qf6
23.Qd5+ Ne6 24.Bf1 Ra8 25.Bc4 Rfe8 26.Bd4 Qg6 27.Be5 Rad8 28.Qa5 Bxe5 29.Qxe5 Kh8
30.Bxe6 Rxd1 31.Rxd1 h5 32.Bxf5 Qxc6 33.Qd5 Qxc2 34.Bg6  1-0

[Event "Politiken Cup"]
[Site "Copenhagen DEN"]
[Date "2010.08.02"]
[Round "4"]
[White "Schultz Pedersen,J"]
[Black "Preuss,F"]
[Result "1/2-1/2"]
[WhiteElo "2206"]
[BlackElo "2039"]

1.e4 d5 2.exd5 Qxd5 3.Nc3 Qd6 4.Nf3 Nf6 5.d4 a6 6.Be2 b5 7.Bg5 Bb7 8.O-O Nbd7
9.Qe1 e6 10.Rd1 Be7 11.Ne5 O-O 12.f4 c5 13.Nxd7 Qxd7 14.dxc5 Qc6 15.Bf3 Qxc5+
16.Kh1 Bxf3 17.Rxf3 Rfd8 18.Rfd3 Rxd3 19.cxd3 Rd8 20.Bxf6 Bxf6 21.Ne4 Qd4
22.Nxf6+  1/2-1/2

[Event "Politiken Cup"]
[Site "Copenhagen DEN"]
[Date "2010.08.02"]
[Round "4"]
[White "Bulski,K"]
[Black "Landa,K"]
[Result "0-1"]
[WhiteElo "2434"]
[BlackElo "2598"]

1.e4 d5 2.exd5 Qxd5 3.Nc3 Qd6 4.d4 Nf6 5.Nf3 c6 6.h3 Nbd7 7.Bd3 g6 8.O-O Bg7
9.b3 O-O 10.Re1 Re8 11.Bb2 a6 12.Ne5 c5 13.Bc4 e6 14.dxc5 Qxc5 15.Na4 Qc7
16.Qf3 Rb8 17.Nxd7 Nxd7 18.Bxg7 Kxg7 19.Qc3+ e5 20.Bf1 Qxc3 21.Nxc3 Nf6 22.Rad1 Bf5
23.g4 Rbc8 24.Re3 Be6 25.Rd2 Rc7 26.Nd1 Nd7 27.c4 f5 28.gxf5 gxf5 29.Nc3 e4
30.f3 Ne5 31.Bg2 Bxc4 32.f4 Bd3 33.Na4 Ng6 34.Rdxd3 Rc1+ 35.Kf2 Rc2+ 36.Kf1 Rc1+
37.Kf2 Rc2+ 38.Kf1 exd3 39.Rxe8 b5 40.Nb6 Rc1+ 41.Kf2 d2 42.Bf3 d1=Q 43.Bxd1 Rxd1
44.Ra8 Nxf4 45.Rxa6 Nxh3+ 46.Kg2 Ng5 47.Ra7+ Kg6 48.Rd7 Ra1 49.Nd5 Rxa2+
50.Kg3 Ne4+ 51.Kf4 Rf2+ 52.Ke5 Nc5 53.Ra7 Re2+ 54.Kf4 Ne6+ 55.Kf3 Re5 56.Rd7 h5
57.b4 h4 58.Nc3 h3 59.Rd1 f4 60.Nd5 Kf5 61.Ne7+ Kg5 62.Nd5 Kh4  0-1

[Event "36th Open"]
[Site "Badalona ESP"]
[Date "2010.08.04"]
[Round "3"]
[White "Gonzalez Perez,A"]
[Black "Larino Nieto,D"]
[Result "1-0"]
[WhiteElo "2403"]
[BlackElo "2461"]

1.e4 d5 2.exd5 Qxd5 3.Nc3 Qd6 4.Nf3 g6 5.Bc4 Bg7 6.O-O Nf6 7.a4 a6 8.b3 c5
9.d4 Nc6 10.Ba3 Nxd4 11.Nxd4 Qxd4 12.Qe1 Ng4 13.Nd5 Qe5 14.f4 Qxe1 15.Raxe1 Bd4+
16.Kh1 O-O 17.h3 Nf6 18.Nb6 Rb8 19.Nxc8 Rfxc8 20.Rxe7 b5 21.Bxf7+ Kf8 22.Rfe1 Bf2
23.R1e5 Rd8 24.Kh2 Rd1 25.Rc7 b4 26.Bb2 Bg1+ 27.Kg3 Nh5+ 28.Rxh5 gxh5 29.Bg7+ Kxg7
30.Bxh5+ Kf6 31.Bxd1 h6 32.Rc6+ Kf5 33.Kf3  1-0

[Event "Politiken Cup"]
[Site "Copenhagen DEN"]
[Date "2010.08.05"]
[Round "7"]
[White "Petersen,PB"]
[Black "Jensen,Mo"]
[Result "1/2-1/2"]
[WhiteElo "2178"]
[BlackElo "2005"]

1.e4 d5 2.exd5 Qxd5 3.Nc3 Qd6 4.d4 Nf6 5.Nf3 a6 6.h3 b5 7.Bd3 Bb7 8.Qe2 e6
9.O-O Nbd7 10.Re1 Be7 11.Ne5 O-O 12.Nxd7 Qxd7 13.Be3 b4 14.Nb1 Qd5 15.f3 c5
16.c4 bxc3 17.Nxc3 Qh5 18.Rac1 Rfd8 19.dxc5 Bxc5 20.Bc4 Qg5 21.b4 Bxe3+ 22.Qxe3 Qxe3+
23.Rxe3 Rac8 24.Bb3 Bd5 25.Ne2 Bxb3 26.Rxc8 Rxc8 27.Rxb3 Nd5 28.a4 g5 29.b5 axb5
30.axb5 Rb8 31.Nd4 Rb6 32.Kf2 Kg7 33.g3 Kf6 34.Nc2 h5 35.Na3 Rb8 36.Nc4 Nb6
37.Na5 Nd5 38.Nc4 Nb6 39.Na5  1/2-1/2

[Event "Open"]
[Site "Olomouc CZE"]
[Date "2010.08.06"]
[Round "3"]
[White "Sochorova,J"]
[Black "Sponheim,O"]
[Result "0-1"]
[WhiteElo "1919"]
[BlackElo "2281"]

1.e4 d5 2.exd5 Qxd5 3.Nc3 Qd6 4.d4 Nf6 5.Nf3 a6 6.Ne5 Nc6 7.Bf4 Bf5 8.Bc4 e6
9.Qf3 Qxd4 10.Nxc6 Qxc4 11.Ne5 Qb4 12.O-O-O Be4 13.Nxe4 Qxe4 14.Rhe1 Qxf3
15.Nxf3 Bc5 16.Bxc7 Bxf2 17.Re2 Bc5 18.a3 O-O 19.Bd6 Rfc8 20.Bxc5 Rxc5 21.Ne5 Rd5
22.Rxd5 Nxd5 23.c4 Rc8 24.Kd2 Nb6 25.b3 f6 26.Nf3 e5 27.Kc2 Kf7 28.Nd2 Ke7
29.Ne4 a5 30.a4 f5 31.Ng5 e4 32.Nf3 Kf6 33.Nd2 h5 34.g3 Nd5 35.Nf1 Nb4+ 36.Kc3 Rd8
37.Rd2 Rxd2 38.Nxd2 Ke5 39.c5 Nd5+ 40.Kc4 g5 41.c6 bxc6 42.Kc5 f4 43.Nc4+ Ke6
44.Kd4 e3 45.Kd3 fxg3 46.hxg3 h4 47.Nxa5 h3 48.Nxc6 h2 49.Nd4+ Kd7  0-1

[Event "Politiken Cup"]
[Site "Copenhagen DEN"]
[Date "2010.08.07"]
[Round "9"]
[White "Laursen,N1"]
[Black "Jensen,Mo"]
[Result "1-0"]
[WhiteElo "2215"]
[BlackElo "2005"]

1.e4 d5 2.exd5 Qxd5 3.Nc3 Qd6 4.d4 Nf6 5.Nf3 a6 6.g3 Nc6 7.Be3 Bg4 8.h3 Bxf3
9.Qxf3 Nxd4 10.Bxd4 Qxd4 11.Qxb7 Rd8 12.Bg2 Qb6 13.Bc6+ Nd7 14.Qxb6 cxb6
15.O-O-O e6 16.Rxd7 Rc8 17.Rc7+  1-0

[Event "7th CHN-RUS w"]
[Site "Ningbo CHN"]
[Date "2010.08.07"]
[Round "3"]
[White "Kosintseva,N"]
[Black "Huang Qian"]
[Result "1-0"]
[WhiteElo "2551"]
[BlackElo "2447"]

1.e4 d5 2.exd5 Qxd5 3.Nc3 Qd6 4.d4 Nf6 5.Nf3 c6 6.Ne5 Nbd7 7.f4 e6 8.g4 Qc7
9.Bg2 Nd5 10.Ne4 Be7 11.O-O O-O 12.c4 N5b6 13.b3 f6 14.Nd3 Rd8 15.Qe2 Nf8
16.Bb2 Bd7 17.Kh1 Be8 18.Rae1 Bf7 19.f5 Nbd7 20.Nf4 Re8 21.fxe6 Nxe6 22.Nxe6 Bxe6
23.Ng5 Bf7 24.Nxf7 Bb4 25.Qxe8+ Rxe8 26.Rxe8+ Kxf7 27.Re2 Bd6 28.Be4 Bf4
29.Bf5 Nf8 30.Rfe1 b6 31.b4 g6 32.Be4 Nd7 33.a3 Bd6 34.Rf1 Bf8 35.c5 bxc5
36.dxc5 h6 37.Bc2 Kg7 38.Re6 a5 39.Bxf6+ Nxf6 40.Rexf6 Be7 41.Rxg6+ Kh8 42.Rxh6+ Kg8
43.Rg6+ Kh8 44.Rf5  1-0

[Event "Open"]
[Site "Olomouc CZE"]
[Date "2010.08.07"]
[Round "4"]
[White "Krapivin,Vl"]
[Black "Cagasik,T"]
[Result "1/2-1/2"]
[WhiteElo "2362"]
[BlackElo "2238"]

1.e4 d5 2.exd5 Qxd5 3.Nc3 Qd6 4.d4 Nf6 5.Nf3 a6 6.g3 Bg4 7.Bg2 Nc6 8.O-O O-O-O
9.d5 Ne5 10.Bf4 Nxf3+ 11.Bxf3 Qd7 12.Bxg4 Nxg4 13.Qe2 h5 14.Rad1 Nf6 15.f3 Qf5
16.Qe5 Qxe5 17.Bxe5 Nd7 18.Bd4 Rh6 19.Ne4 e5 20.Be3 Rg6 21.Ng5 Be7 22.h4 Bxg5
23.hxg5 Nb6 24.Bxb6 Rxb6 25.b3 Rg6 26.f4 exf4 27.Rxf4 Rxg5 28.Rxf7 Rxg3+
29.Kh2 Rg5 30.c4 Re8 31.d6 cxd6 32.Rxd6 Re2+ 33.Kh3 Re3+ 34.Kh2 Re2+ 35.Kh3 Rge5
36.Rxg7 R5e3+ 37.Rg3 Rxg3+ 38.Kxg3 Rxa2 39.Kf4 Kc7 40.Rh6 Rb2 41.Rxh5 Rxb3
42.Ke4 Kb6 43.Kd4 a5 44.Rh6+ Ka7 45.Rh5 Ka6 46.Rh8 Rg3 47.Rh6+ Ka7 48.Rh5 b6
49.c5 Rg4+ 50.Kd5 bxc5  1/2-1/2

[Event "Open"]
[Site "Olomouc CZE"]
[Date "2010.08.08"]
[Round "5"]
[White "Stachanczyk,J"]
[Black "Sponheim,O"]
[Result "0-1"]
[WhiteElo "2267"]
[BlackElo "2281"]

1.e4 d5 2.exd5 Qxd5 3.Nc3 Qd6 4.Nf3 Nf6 5.d4 a6 6.Ne5 Nc6 7.Nxc6 Qxc6 8.d5 Qd6
9.Qd4 e5 10.Qd3 g6 11.Bg5 Be7 12.O-O-O Bf5 13.Qe2 O-O-O 14.Bh4 Rhe8 15.h3 h5
16.f3 e4 17.fxe4 Qf4+ 18.Qd2 Qxh4 19.exf5 Nxd5 20.g3 Qxg3 21.Ne4 Qh4 22.Bc4 Nb6  0-1

[Event "49th WJun"]
[Site "Chotowa POL"]
[Date "2010.08.09"]
[Round "6"]
[White "Delorme,Ax"]
[Black "Tomczak,J"]
[Result "1/2-1/2"]
[WhiteElo "2455"]
[BlackElo "2509"]

1.e4 d5 2.exd5 Qxd5 3.Nc3 Qd6 4.d4 Nf6 5.Nf3 a6 6.g3 Bg4 7.Bg2 Nc6 8.O-O O-O-O
9.d5 Ne5 10.Bf4 Nxf3+ 11.Bxf3 Qd7 12.Bxg4 Qxg4 13.Re1 Qxd1 14.Raxd1 Rg8 15.Be5 g5
16.Rd3 Rg6 17.Rf3 Bg7 18.Rf5 Rd7 19.h3 h6 20.a4 Kd8 21.Re2 Ke8 22.Kg2 Kf8
23.Bd4 Ne8 24.Bxg7+ Nxg7 25.Rfe5 c6 26.a5 Rgd6 27.dxc6 Rxc6 28.Na4 Rdc7 29.c3 Ne8
30.b3 e6 31.c4  1/2-1/2

[Event "Open"]
[Site "Olomouc CZE"]
[Date "2010.08.10"]
[Round "7"]
[White "Zielinski,S"]
[Black "Sponheim,O"]
[Result "1/2-1/2"]
[WhiteElo "2138"]
[BlackElo "2281"]

1.e4 d5 2.exd5 Qxd5 3.Nc3 Qd6 4.g3 Nc6 5.Bg2 Nf6 6.d3 e5 7.h3 Be7 8.Nge2 Be6
9.O-O Qd7 10.Kh2 h5 11.Ne4 Nxe4 12.dxe4 O-O-O 13.Be3 Qxd1 14.Rfxd1 Nb4 15.Rdc1 a5
16.a3 Na6 17.Nc3 Bc5 18.Bxc5 Nxc5  1/2-1/2